|
|
|
|
| LEADER |
00600cam a2200157 7i4500 |
| 001 |
0000026895 |
| 005 |
20110913090000.0 |
| 090 |
0 |
0 |
|a M 628.450218
|b DEP
|
| 110 |
2 |
0 |
|a Department of Standards Malaysia
|
| 245 |
2 |
0 |
|a Malaysian standards :
|b public toilets - part 4 : Code of practice for maintenance.
|
| 260 |
0 |
0 |
|a Cyberjaya:
|b Department of Standards Malaysia,
|c 2006.
|
| 300 |
# |
# |
|a 6 p.
|
| 440 |
0 |
0 |
|a Malaysian standards MS 2015 - part 4 : 2006
|
| 650 |
0 |
0 |
|a Public toilets --
|x Maintenance --
|x Malaysian standards --
|z Malaysia
|
| 651 |
0 |
0 |
|a Malaysia
|
| 999 |
|
|
|a 0000029389
|b Book
|c Malaysia
|e Business Information Centre
|